00686nam a2200205Ia 4500999001500000020001800015082002000033100001500053245006400068260003900132300001000171650003200181650003600213650001000249650004200259650003200301650001900333942000700352952012100359 c1825d1825 a81-7193-025-5 a324.60954 ROY-; aRoy, Meenu 0aBattle of the ballot: election 1991 with by-election update aJaipurbClassical Publishingc1992 a264p. aContested elections - India aIndia - Politics and government aPolls aIndia - Parliament - Elections - 1991 aCampaign management - India aBallot - India cBK 00104070aNASSDOCbNASSDOCd2004-06-08i2008-12-30l0o324.60954 ROY-;p34384r2019-04-18 00:00:00w2019-04-18yBK